NRL Team Home Grounds - Statistics

General Stats
  • This quiz has been taken 565 times
  • The average score is 5 of 16
Answer Stats
Team Name Home Ground % Correct
Brisbane Broncos Suncorp Stadium
78%
Canterbury Bankstown Bulldogs ANZ Stadium
75%
South Sydney Rabbitohs ANZ Stadium
75%
Melbourne Storm AAMI Park
47%
Manly Warringah Sea Eagles Brookvale Oval
45%
Newcastle Knights Hunter Stadium
26%
Sydney Roosters Sydney Football Stadium
26%
Canberra Raiders Canberra Stadium
25%
North Queensland Cowboys Dairy Farmers Stadium
23%
New Zealand Warriors Mount. Smart Stadium
22%
Gold Coast Titans Skilled Park
21%
Wests Tigers Leichhardt Oval
14%
Paramatta Eels Paramatta Stadium
13%
Penrith Panthers Centrebet Stadium
11%
Cronulla-Sutherland Sharks Toyota Park
10%
St George Illawarra Dragons(the main ground) WIN Jubilee Oval
9%
No matching quizzes found
Score Distribution
Percent of People with Each Score
Percentile by Number Answered
Your Score History
You have not taken this quiz